000 00384nam a2200145Ia 4500
008 231207s9999 xx 000 0 und d
041 _aeng
082 _a005.133/IV5R
100 _aIvar Jacobson
245 _aObject - Oriented Software Engineering
250 _a2014 2nd Ed.
260 _bPenguin books ltd.New Delhi
300 _aPB/552/
650 _aComnputer Program Language
999 _c952221
_d952221